| 000 | 01102nam0a22003251 4500 | ||
|---|---|---|---|
| 001 | v19\rc\1770502 | ||
| 005 | 20250619070931.0 | ||
| 035 | _a(NLR Aleph) 004868200 | ||
| 090 |
_a5075596 _c5075596 |
||
| 100 | _a20061204d1903 |||y0rusy50 ca | ||
| 101 | 1 |
_arus _cfre |
|
| 102 | _aRU | ||
| 105 | _aa z ||||| | ||
| 200 | 1 |
_aДомашняя лаборатория _e(Рук. к ознакомлению с основами химии) _fФ. Фэдо _gПер. и доп. Н. Лямин |
|
| 205 | _a2-е изд. | ||
| 210 |
_aСанкт-Петербург _cП.П. Сойкин _dценз. 1903 |
||
| 215 |
_a160 с. _cил. _d21 |
||
| 225 | 1 | _aПолезная библиотека | |
| 700 | 1 |
_aФэдо _bФ. _f1862- _gФердинанд |
|
| 702 | 1 |
_aЛямин _bН.Н. _f1871-1912 _gНиколай Николаевич _4730 |
|
| 801 | 0 |
_aRU _bNLR _gpsbo |
|
| 801 | 0 |
_aRU _bRuMoRGB _2psbo |
|
| 801 | 1 |
_aRU _bProSoft-M _2rusmarc |
|
| 852 |
_aNLR _j38.68.3.7 |
||
| 852 |
_aNLR _j38.63.6.34 |
||
| 899 |
_aRuMoRGB _jJ 65/172 |
||
| 899 |
_aRuMoRGB _jU 162/119 |
||
| 899 | _aБАН | ||
| 942 | _cBOOK | ||
| 980 | _aNB | ||